Satira plače

Bibliographic Details
Main Author: Kseňák, Mikuláš, 1933-2020 (Author)
Format: Article
Language:Ukrainian
ISSN:1339-5483
Subjects:

MARC

LEADER 00000nab a2200000 4500
001 vtls011986070
003 SK-MaSNL
005 20260303234023.0
008 200807c2020 xo br|p || ||00 c0ukr
015 |a SNBRB2020/08 
038 |a SVKPOCL 
040 |a SVKPOCL  |b slo  |c SVKPOCL  |e rda 
041 0 |a ukr 
044 |a xo  |c SK 
072 7 |a 821.161  |x Východoslovanské literatúry  |2 konspekt 
072 7 |a 398  |x Folklór  |2 konspekt 
080 |a 821.161.25(437.6)-3  |2 2011 
080 |a 821.161.25(437.6)-342  |2 2011 
080 |a 82-342  |2 2011 
080 |a 398.21(=161.25)  |2 2011 
100 1 |a Kseňák, Mikuláš,  |d 1933-2020  |4 aut  |9 203679 
245 1 0 |a Satira plače  |c Mykola Kseňak 
246 1 |i Názov knihy:  |a Košaryk plodiv 
336 |a text  |b txt  |2 rdacontent 
337 |a bez média  |b n  |2 rdamedia 
338 |a zväzok  |b nc  |2 rdacarrier 
500 |a V rubrike Pozdravľiňa Rusyniv na rik 2020 č. 2 
650 0 7 |a rusínske bájky  |2 svkpocl  |9 1271228 
650 0 7 |a rusínske poviedky  |2 svkpocl  |9 1088117 
650 0 7 |a rusínska próza  |2 SNKPH  |9 237782 
650 0 7 |a bájky  |2 svkpocl  |9 289991 
773 0 |t Rusyn  |g Roč. XXX, č. 2 (2020), s. 16, 17  |x 1339-5483 
787 0 8 |i Z knihy:  |a Kseňák, Mikuláš, 1933-  |t Košaryk plodiv  |d Pr'ašiv: Akademija rusyn'skoj kulturў v SR, 2019  |z 9788089798186  |w 011879059 
852 |a SVKPO  |b KIS3GCP 
958 |a RN 
958 |a SS 
958 |a LX 
958 |a NM 
958 |a SK 
999 |c 2518621  |d 2520551